El primer viaje alrededor del mundo (Registro nro. 31935)

Detalles MARC
000 -ENCABEZADO
Número de control [NR] 00971nam a2200241Ia 4500
008 - DE LONGITUD FIJA DE DATOS DE ELEMENTOS - INFORMACIÓN GENERAL
Elementos de longitud fija [NR] 130821s1999 sp gr spa
020 ## - NUMERO INTERNACIONAL NORMALIZADO PARA LIBROS [R]
Número Internacional Normalizado del libro [NR] 8440694482
040 ## - FUENTE DE CATALOGACION [NR]
Agencia de catalogación original [NR] Co-BoUCM
Idioma de catalogación [NR] spa
041 00 - CODIGO DE IDIOMA [R]
Código de idioma para texto/pista de sonido o título separado [R] Español
100 ## - ASIENTO PRINCIPAL--NOMBRE PERSONAL [NR]
Nombre personal [NR] Pigafetta, Antonio
ID Autoridad 158205
245 00 - MENCION DE TITULO [NR]
Título [NR] El primer viaje alrededor del mundo
Parte restante del título [NR] relato de la expedición de Magallanes y Elcano
Mención de responsabilidad, etc. [NR] Antonio Pigafetta; traducido por Isabel de Riquer
260 ## - PUBLICACION, DISTRIBUCION, ETC. (PIE DE IMPRENTA) [R]
Lugar de publicación, distribución, etc. [R] Barcelona (España)
Nombre del editor, distribuidor, etc. [R] Ediciones B.
Fecha de publicación, distribución, etc. [R] 1999
300 ## - DESCRIPCION FISICA [R]
Extensión [R] 263 páginas
490 ## - MENCION DE SERIE [R]
Mención de serie [R] Biblioteca Grandes Viajeros
600 ## - ASIENTO SECUNDARIO DE MATERIA - NOMBRE PERSONAL [R]
Nombre personal [NR] Elcano, Juan Sebastián
Fechas asociadas con el nombre [NR] 1476-1534
Subdivisión general [R] Descripciones y viajes
9 (RLIN) 158206
600 ## - ASIENTO SECUNDARIO DE MATERIA - NOMBRE PERSONAL [R]
Nombre personal [NR] Magallanes, Fernando de
Fechas asociadas con el nombre [NR] 1480-1521
Subdivisión general [R] Descripciones y viajes
9 (RLIN) 149212
650 04 - ASIENTO SECUNDARIO DE MATERIA - TERMINO TEMATICO [R]
Término temático o nombre geográfico como elemento de entrada [NR] Expediciones científicas
9 (RLIN) 7611
650 04 - ASIENTO SECUNDARIO DE MATERIA - TERMINO TEMATICO [R]
Término temático o nombre geográfico como elemento de entrada [NR] Viajes alrededor del mundo
9 (RLIN) 26184
700 ## - ASIENTO SECUNDARIO - NOMBRE PERSONAL [R]
Nombre personal [NR] Riquer, Isabel De; Trad.
9 (RLIN) 158207
765 ## - ASIENTO DE IDIOMA ORIGINAL [R]
Título [NR] Il primo viaggio intorno al mondo
942 ## - ELEMENTOS DE ENTRADA AGREGADOS (KOHA)
Tipo de ítem principal el descrito en 300a Libro
Tema principal Filosofía
Edición 1
Parte restante de la signatura top. A635
Sistema de clasificación DEWEY
Clasificación 910.41
Existencias
Fecha de último préstamo Total préstamos Total Renewals Signatura topográfica Código de barras Última vez visto Ejemplar Price effective from Tipo de ítem Perdido Sistema de clasificación Dañado No prestable Tipo de ítem específico Suprimido Ubicación habitual Ubicación actual Localización Fecha de creación Forma de adquisición Costo
16/03/2020 20 13 910.41 A635 100056447 09/12/2025 Ej.1 03/02/2013 Libro   DEWEY     Libro   Claustro Claustro 2do piso 28/02/2003 Compra 0.00